logo

Bir Sreshtho Munshi Abdur Rouf Library
Jhenaidah Cadet College

পাকিস্তানের কারাগারে বঙ্গবন্ধু / (Record no. 11567)

MARC details
000 -LEADER
fixed length control field 00850nam a2200241 a 4500
001 - CONTROL NUMBER
JCCL Control Number 11567
003 - CONTROL NUMBER IDENTIFIER
JCCL marc code BD-JhCC
005 - DATE AND TIME OF LATEST TRANSACTION
control field 20210308090927.0
008 - FIXED-LENGTH DATA ELEMENTS--GENERAL INFORMATION
fixed length control field 200329s19912019b |||| |||| 00| 0 en d
020 ## - INTERNATIONAL STANDARD BOOK NUMBER
International Standard Book Number 9789845980241
035 ## - SYSTEM CONTROL NUMBER
system control number (BD-JhCC)11567
040 ## - CATALOGING SOURCE
Original cataloging agency BD-JhCC
Modifying agency BD-JhCC
041 ## - LANGUAGE CODE
Language code of Book ben
082 ## - DEWEY DECIMAL CLASSIFICATION NUMBER
Classification number 923.1
Author mark and Year PAY 2019
100 ## - MAIN ENTRY--PERSONAL NAME
Personal name পেইন, রবার্ট
245 ## - TITLE STATEMENT
Title পাকিস্তানের কারাগারে বঙ্গবন্ধু /
Statement of responsibility, etc রবার্ট পেইন এবং অনু. ওবায়দুল কাদের
260 ## - PUBLICATION, DISTRIBUTION, ETC. (IMPRINT)
Place of publication, distribution, etc ঢাকা :
Name of publisher, distributor, etc চারুলিপি,
Date of publication, distribution, etc ২০১৯
300 ## - PHYSICAL DESCRIPTION
Pagination ১৪৩ পৃ. :
Dimensions ২০ সেমি.
600 ## - SUBJECT ADDED ENTRY--PERSONAL NAME
Personal name Rahaman, shekh Mojibur
650 ## - SUBJECT ADDED ENTRY--TOPICAL TERM
Topical term or geographic name as entry element Biography
700 ## - ADDED ENTRY--PERSONAL NAME
Personal name কাদের, ওবায়দুল
942 ## - ADDED ENTRY ELEMENTS (KOHA)
Source of classification or shelving scheme Dewey Decimal Classification
Koha item type Books
Holdings
Source of classification or shelving scheme Damaged status Not for loan Home library Current library Shelving location Date of accession Cost, normal purchase price Total Checkouts Full call number Barcode Date last seen Copy number Koha item type Source of acquisition
Dewey Decimal Classification     JCC Rouf Library JCC Rouf Library General Stacks 03/29/2020 187.00   923.1 PAY 2019 15852 03/29/2020 C-1 Books  
Dewey Decimal Classification     JCC Rouf Library JCC Rouf Library General Stacks 03/08/2021 188.00   923.1 PAY 2019 16422 03/08/2021 C-2 Books Lt. Gen. Mahfuzur Rahman (10th intake)

JCC Library | Contacts | JCC Home

Last Update on 23 September 2017
Copyright @ 2017-2020 JCC Rouf Library
Rouf Library, Jhenidah Cadet College (JCC), Bangladesh